[Event "Finkenstein op"]
[Site "Finkenstein"]
[Date "1996.??.??"]
[Round "5"]
[White "Best, Philip"]
[Black "Hicker, Harald"]
[Result "1-0"]
[WhiteElo "1970"]
[BlackElo "2120"]
[PlyCount "85"]
[EventDate "1996.??.??"]
[EventType "swiss"]
[EventRounds "9"]
[EventCountry "AUT"]
[SourceTitle "EXT 1997"]
[Source "ChessBase"]
[SourceDate "1996.11.15"]
[SourceVersion "1"]
[SourceVersionDate "1996.11.15"]
[SourceQuality "1"]

1. e4 e5 2. Nf3 Nc6 3. Bc4 Be7 4. 0-0 Nf6 5. d3 0-0 6. c3 d6 7. Bb3 Bg4 8. Nbd2 Qd7 9. Re1 Kh8 10. Nf1 Ng8 11. h3 Bxf3 12. Qxf3 f5 13. exf5 Rxf5 14. Qe2 Raf8 15. Be3 Bh4 16. Ng3 R5f6 17. Bd5 Nge7 18. Be4 Bxg3 19. fxg3 d5 20. Bf3 Rxf3 21. gxf3 Qxh3 22. Qg2 Qf5 23. Bc5 Qxd3 24. Re3 Qc4 25. Bxe7 Nxe7 26. Rxe5 Ng6 27. Re3 b5 28. Qe2 Qc5 29. Kg2 d4 30. cxd4 Qxd4 31. Rd1 Qc5 32. Re8 h6 33. Rdd8 Kh7 34. Rxf8 Nxf8 35. Qe4+ Ng6 36. Qd5 Qc2+ 37. Kh3 Ne7 38. Qd3+ Qxd3 39. Rxd3 c5 40. Rd7 Nc6 41. Rc7 Nd4 42. Rxc5 Nxf3 43. Rxb5 1-0

[Event "Finkenstein op"]
[Site "Finkenstein"]
[Date "1996.??.??"]
[Round "9"]
[White "Best, Philip"]
[Black "Susnik, Matej"]
[Result "1-0"]
[WhiteElo "1975"]
[BlackElo "2235"]
[PlyCount "74"]
[EventDate "1996.??.??"]
[EventType "swiss"]
[EventRounds "9"]
[EventCountry "AUT"]
[SourceTitle "EXT 1997"]
[Source "ChessBase"]
[SourceDate "1996.11.15"]
[SourceVersion "1"]
[SourceVersionDate "1996.11.15"]
[SourceQuality "1"]

1. e4 c5 2. Nf3 e6 3. d4 cxd4 4. Nxd4 Nc6 5. Nc3 Qc7 6. Be2 a6 7. 0-0 Nf6 8. a3 Be7 9. Be3 0-0 10. f4 d6 11. f5 Bd7 12. g4 h6 13. Rf2 Nxd4 14. Bxd4 e5 15. Be3 Bc6 16. Bf3 Rad8 17. Rd2 b5 18. Qf1 d5 19. exd5 e4 20. dxc6 Bc5 21. Re2 Bxe3+ 22. Rxe3 Qf4 23. Rxe4 Nxe4 24. Nxe4 Rfe8 25. Re1 Kh8 26. c3 Qc7 27. Ng3 Rxe1 28. Qxe1 Qb6+ 29. Qf2 Qc7 30. Qe3 Qd6 31. Ne2 Qd1+ 32. Kg2 Qd6 33. Nd4 Kg8 34. Qf2 Kf8 35. Qg3 Qc5 36. Qc7 Re8 37. Qb7 Qe5 1-0

[Event "Finkenstein op"]
[Site "Finkenstein"]
[Date "1996.??.??"]
[Round "6"]
[White "Hon, Andrew"]
[Black "Best, Philip"]
[Result "1-0"]
[WhiteElo "2215"]
[BlackElo "1975"]
[PlyCount "71"]
[EventDate "1996.??.??"]
[EventType "swiss"]
[EventRounds "9"]
[EventCountry "AUT"]
[SourceTitle "EXT 1997"]
[Source "ChessBase"]
[SourceDate "1996.11.15"]
[SourceVersion "1"]
[SourceVersionDate "1996.11.15"]
[SourceQuality "1"]

1. c4 e5 2. g3 d6 3. Bg2 f5 4. Nc3 Nf6 5. d3 g6 6. f4 Bg7 7. Nh3 0-0 8. Rb1 c6 9. Bd2 Nbd7 10. b4 h6 11. b5 c5 12. 0-0 Re8 13. Nf2 Nf8 14. Nd5 Nxd5 15. cxd5 Qb6 16. Qa4 a6 17. bxa6 Qd8 18. a7 Bd7 19. Qa5 b5 20. Qxd8 Rexd8 21. fxe5 Bxe5 22. Ba5 Rdc8 23. Bb6 b4 24. e3 Bb5 25. d4 Nd7 26. Rfc1 Nxb6 27. dxe5 Rxa7 28. exd6 Rxa2 29. e4 fxe4 30. Nxe4 Bd3 31. Rxb4 Nxd5 32. Rd4 Bxe4 33. Rxe4 Nf6 34. Re6 Kg7 35. Re7+ Kf8 36. Rf1 1-0

[Event "Finkenstein op"]
[Site "Finkenstein"]
[Date "1996.??.??"]
[Round "2"]
[White "Mazi, Leon"]
[Black "Best, Philip"]
[Result "1-0"]
[WhiteElo "2325"]
[BlackElo "1975"]
[PlyCount "41"]
[EventDate "1996.??.??"]
[EventType "swiss"]
[EventRounds "9"]
[EventCountry "AUT"]
[SourceTitle "EXT 1997"]
[Source "ChessBase"]
[SourceDate "1996.11.15"]
[SourceVersion "1"]
[SourceVersionDate "1996.11.15"]
[SourceQuality "1"]

1. e4 c5 2. Nf3 d6 3. d4 cxd4 4. Nxd4 Nf6 5. Nc3 g6 6. g3 Bg7 7. Bg2 0-0 8. 0-0 a6 9. a4 Qc7 10. Bg5 Qc5 11. Qd2 Nxe4 12. Nxe4 Qxd4 13. Qxd4 Bxd4 14. Bxe7 Bxb2 15. Rab1 Be5 16. Bxf8 Kxf8 17. Rfd1 Nc6 18. Nxd6 Nd4 19. Nxc8 Rxc8 20. Rxb7 Rxc2 21. Bd5 1-0